| 000 | 00644cam a2200229 4500 | ||
|---|---|---|---|
| 008 | 090401t1986 xxu||||| |||| 00| 0 eng d | ||
| 020 | _a0946700354 | ||
| 035 | _a(Sirsi) u35201 | ||
| 041 | _aeng | ||
| 050 | _a658.202 | ||
| 100 | _aGrover, R.J. | ||
| 245 | _aMaintenance programmes | ||
| 260 |
_aLondon _bHenry Stewart Publications _c1986 |
||
| 300 | _a62p. ; 22cm. | ||
| 350 | _a0 | ||
| 490 |
_aHenry Stewart Briefings for Surveyors _v13 |
||
| 520 | _aPublished jointly with Portsmouth Polytechnic Department of Surveying . | ||
| 650 | _aLIFE CYCLE COSTING | ||
| 650 | _aPLANNED MAINTENANCE | ||
| 942 | _n0 | ||
| 948 | _c04/03/1997 | ||
| 999 |
_c90066 _d90066 |
||